[Event "31st 4NCL Congress"]
[Site "Harrogate, North Yorkshire ENG"]
[Date "2024.01.21"]
[Round "4.7"]
[White "Sloan, Cecil"]
[Black "Roberts, Malcolm A"]
[Result "1-0"]
[WhiteElo "1612"]
[BlackElo "1671"]
[PlyCount "63"]
[EventDate "2024.01.19"]

1. e4 e5 2. Nf3 d5 3. d4 exd4 4. Qxd4 Nc6 5. Qe3 Nf6 6. Nc3 Be7 7. Bd2 Ng4 8.
Qe2 Be6 9. O-O-O a6 10. h3 Nge5 11. Nxe5 Nxe5 12. Nxd5 Qd7 13. f4 Nc6 14. f5
Bxd5 15. exd5 Ne5 16. g4 O-O-O 17. Qe3 Kb8 18. Qb3 Ka8 19. Be3 h6 20. Rd4 b5
21. Qa3 Kb7 22. c4 Ra8 23. Qb3 c5 24. dxc6+ Qxc6 25. Rg1 Kc7 26. Bg2 bxc4 27.
Bxc6 cxb3 28. Bxa8 bxa2 29. Ra4 Rxa8 30. Rxa2 Bf6 31. Kb1 Nc4 32. Rc1 1-0

[Event "31st 4NCL Congress"]
[Site "Harrogate, North Yorkshire ENG"]
[Date "2024.01.21"]
[Round "4.8"]
[White "Smith, Adam"]
[Black "Wainwright, Charlie"]
[Result "0-1"]
[WhiteElo "1594"]
[BlackElo "1667"]
[PlyCount "76"]
[EventDate "2024.01.19"]

1. e4 e6 2. d4 d5 3. e5 c5 4. c3 Nc6 5. Nf3 Bd7 6. Be2 Qb6 7. a3 Nge7 8. O-O
Nf5 9. dxc5 Bxc5 10. b4 Be7 11. a4 Qc7 12. Bf4 a6 13. Nbd2 h6 14. Nb3 g5 15.
Bd2 Nxe5 16. Nxe5 Qxe5 17. Re1 Qc7 18. Bg4 Ng7 19. Be3 h5 20. Qd4 hxg4 21. Qxg7
Qxh2+ 22. Kf1 Qh7 23. Qe5 f6 24. Qc7 Bc6 25. Ke2 Qc2+ 26. Nd2 d4 27. Bxd4 Bxg2
28. Rec1 Bf3+ 29. Ke3 Qf5 30. b5 Rh3 31. Nxf3 Rxf3+ 32. Ke2 Qd3+ 33. Ke1 Rh3
34. Qxb7 Rd8 35. bxa6 Rd5 36. f4 Rh1+ 37. Bg1 Qe3+ 38. Kf1 Rxg1# 0-1

[Event "31st 4NCL Congress"]
[Site "Harrogate, North Yorkshire ENG"]
[Date "2024.01.21"]
[Round "4.9"]
[White "Brown, Chris"]
[Black "Fletcher, Ben J"]
[Result "1/2-1/2"]
[WhiteElo "1471"]
[BlackElo "1347"]
[PlyCount "57"]
[EventDate "2024.01.19"]

1. e4 c5 2. d4 cxd4 3. c3 dxc3 4. Nxc3 Nc6 5. Nf3 e6 6. Bc4 Bb4 7. O-O Nge7 8.
Bf4 Bxc3 9. bxc3 d5 10. exd5 Nxd5 11. Bxd5 exd5 12. Re1+ Be6 13. Ng5 O-O 14.
Qd3 g6 15. Rad1 Bf5 16. Qxd5 Qxd5 17. Rxd5 Rad8 18. Red1 Rxd5 19. Rxd5 Rd8 20.
Rxd8+ Nxd8 21. Bd6 f6 22. Nf3 Kf7 23. Nd4 Bb1 24. a3 Ne6 25. Nxe6 Kxe6 26. Bf8
Kd5 27. Kf1 a5 28. Ke2 Kc4 29. Kd2 1/2-1/2

[Event "31st 4NCL Congress"]
[Site "Harrogate, North Yorkshire ENG"]
[Date "2024.01.21"]
[Round "4.10"]
[White "Cox, Kevin"]
[Black "Webster, Vivien"]
[Result "1/2-1/2"]
[WhiteElo "1589"]
[BlackElo "1663"]
[PlyCount "125"]
[EventDate "2024.01.19"]

1. Nf3 b6 2. d4 Bb7 3. g3 e6 4. Bg2 Nf6 5. O-O h6 6. c3 c5 7. e3 cxd4 8. exd4
Be7 9. Re1 O-O 10. Nbd2 Qc7 11. Nb3 d6 12. Nbd2 Nbd7 13. Qe2 Rfe8 14. Nh4 Bxg2
15. Nxg2 d5 16. Nf3 Bd6 17. Bf4 Ne4 18. Bxd6 Nxd6 19. Nf4 Rac8 20. Ne5 Nf6 21.
Nh5 Nxh5 22. Qxh5 Ne4 23. Re2 Nf6 24. Qf3 b5 25. a3 a5 26. Rc1 b4 27. axb4 axb4
28. Rec2 bxc3 29. bxc3 Qb6 30. Kg2 Rc7 31. Qd3 Rec8 32. f3 Qb3 33. h4 Nd7 34.
Nxd7 Rxd7 35. f4 Rdc7 36. Kf2 g6 37. Kg2 Kg7 38. Qe3 h5 39. Kf3 Qa3 40. Kf2 Rc4
41. Qe5+ Kf8 42. Qe3 Qe7 43. Qe5 f6 44. Qe3 Kf7 45. Re1 R8c6 46. Qd2 Qc7 47.
Rec1 Qd6 48. Qe3 Ra6 49. Kg2 Rca4 50. Qd2 Ra1 51. Rxa1 Rxa1 52. Ra2 Rxa2 53.
Qxa2 Qb6 54. Qc2 Qb5 55. Kf2 Qc4 56. Kg2 f5 57. Kf2 Ke7 58. Qb2 Kd7 59. Qb7+
Qc7 60. Qb5+ Qc6 61. Qb4 Kc7 62. Qe7+ Kb6 63. Qb4+ 1/2-1/2

[Event "31st 4NCL Congress"]
[Site "Harrogate, North Yorkshire ENG"]
[Date "2024.01.21"]
[Round "4.11"]
[White "Blower, Trevor R"]
[Black "Zigmond, Andrew"]
[Result "0-1"]
[WhiteElo "1589"]
[BlackElo "1661"]
[PlyCount "134"]
[EventDate "2024.01.19"]

1. f4 c5 2. Nf3 Nc6 3. c3 d6 4. g3 Nf6 5. Bg2 g6 6. O-O Bg7 7. Qc2 O-O 8. d3
Bd7 9. Be3 Ng4 10. Bf2 Nxf2 11. Rxf2 b5 12. Nbd2 b4 13. Raf1 Qa5 14. Nb3 Qb6
15. e3 a5 16. Nfd2 a4 17. Nc1 a3 18. Nc4 Qb8 19. d4 axb2 20. Qxb2 bxc3 21. Qxc3
cxd4 22. Qe1 dxe3 23. Nxe3 Bd4 24. Nb3 Bb6 25. Kh1 Qa7 26. Re2 Bxe3 27. Rxe3
Qxa2 28. Qc3 Qa6 29. Rc1 Rac8 30. Qe1 e6 31. Ra1 Qb6 32. Nd2 Nd4 33. Rb1 Qd8
34. Rd3 Nc2 35. Qf2 Bc6 36. Bxc6 Rxc6 37. Ne4 Qa8 38. Kg1 Qa2 39. Rbd1 d5 40.
Nf6+ Kg7 41. Nd7 Rfc8 42. R3d2 Qa3 43. Qe2 Qe3+ 44. Kg2 Qxe2+ 45. Rxe2 Nb4 46.
Kf3 Rc2 47. Rxc2 Rxc2 48. h3 Rc3+ 49. Kg4 Nc2 50. Rg1 d4 51. Ne5 d3 52. Kf3 f6
53. Nc4 Nd4+ 54. Ke3 Nf5+ 55. Kd2 Ra3 56. Ne3 Ra2+ 57. Kxd3 Ra3+ 58. Kd2 Rxe3
59. g4 Rg3 60. Rxg3 Nxg3 61. Ke3 f5 62. Kf3 Ne4 63. g5 Kf7 64. Ke3 Ke7 65. Kd4
Kd6 66. Kc4 Nf2 67. h4 Nh3 0-1

[Event "31st 4NCL Congress"]
[Site "Harrogate, North Yorkshire ENG"]
[Date "2024.01.21"]
[Round "4.12"]
[White "Gillett, John"]
[Black "White, Nicholas E"]
[Result "0-1"]
[WhiteElo "1654"]
[BlackElo "1591"]
[PlyCount "24"]
[EventDate "2024.01.19"]

1. d4 c6 2. c4 d5 3. Nf3 Nf6 4. Nc3 Bg4 5. h3 Bf5 6. Bf4 e6 7. e3 Be7 8. Nh4
Be4 9. Nxe4 Nxe4 10. Nf3 Qa5+ 11. Nd2 Nxd2 12. Qxd2 Bb4 0-1

[Event "31st 4NCL Congress"]
[Site "Harrogate, North Yorkshire ENG"]
[Date "2024.01.21"]
[Round "4.13"]
[White "Clare, Steve"]
[Black "Bourke, Konstantinos"]
[Result "1-0"]
[WhiteElo "1647"]
[BlackElo "1572"]
[PlyCount "65"]
[EventDate "2024.01.19"]

1. e4 c6 2. d4 d5 3. exd5 cxd5 4. c4 Nf6 5. Nc3 Bf5 6. Nf3 e6 7. c5 Nc6 8. Qa4
a6 9. b4 b5 10. Qb3 Qb8 11. a4 Nd7 12. axb5 axb5 13. Rxa8 Qxa8 14. Bxb5 Ndb8
15. Qa4 Qxa4 16. Nxa4 f6 17. Bxc6+ Nxc6 18. b5 Bc2 19. bxc6 Bxa4 20. c7 Kd7 21.
Bf4 g5 22. Bg3 Bg7 23. O-O Bc2 24. c6+ Ke7 25. Ra1 Be4 26. Ra7 Rc8 27. Rb7 Bf5
28. Rb8 e5 29. dxe5 fxe5 30. Nxe5 Kd6 31. Nd7+ Kxc6 32. Rxc8 Bxd7 33. Rb8 1-0

[Event "31st 4NCL Congress"]
[Site "Harrogate, North Yorkshire ENG"]
[Date "2024.01.21"]
[Round "4.14"]
[White "Oliver, Peter J R"]
[Black "Neil, Graham"]
[Result "1/2-1/2"]
[WhiteElo "1542"]
[BlackElo "1619"]
[PlyCount "62"]
[EventDate "2024.01.19"]

1. Nf3 Nf6 2. d4 d5 3. c4 c6 4. e3 Bf5 5. Nc3 h6 6. Bd3 Bxd3 7. Qxd3 e6 8. O-O
Bd6 9. Re1 Nbd7 10. e4 dxe4 11. Nxe4 Nxe4 12. Qxe4 Nf6 13. Qe2 O-O 14. Bd2 Re8
15. Bc3 Rc8 16. Rad1 Qe7 17. a3 Qc7 18. g3 Red8 19. Ne5 Bf8 20. b4 Nd7 21. c5
Nxe5 22. dxe5 Rxd1 23. Rxd1 Rd8 24. Rxd8 Qxd8 25. Qd2 Qc7 26. f4 b6 27. Bd4 b5
28. Kf2 Qd7 29. Be3 Qxd2+ 30. Bxd2 Kh7 31. Kf3 h5 1/2-1/2

[Event "31st 4NCL Congress"]
[Site "Harrogate, North Yorkshire ENG"]
[Date "2024.01.21"]
[Round "4.15"]
[White "Waite, Nicholas"]
[Black "Redmond, Nigel"]
[Result "1/2-1/2"]
[WhiteElo "1361"]
[BlackElo "1679"]
[PlyCount "52"]
[EventDate "2024.01.19"]

1. Nf3 d5 2. d3 e6 3. g3 Nd7 4. Bg2 Be7 5. O-O f5 6. Nbd2 Ngf6 7. e4 fxe4 8.
dxe4 dxe4 9. Ng5 Ne5 10. Ngxe4 O-O 11. Nxf6+ Bxf6 12. Ne4 Qxd1 13. Nxf6+ gxf6
14. Rxd1 Nc4 15. b3 Nd6 16. Ba3 Rd8 17. Rd2 Nf7 18. Rad1 Rxd2 19. Rxd2 Kg7 20.
h4 Rb8 21. Be7 e5 22. Bc5 b6 23. Be3 Be6 24. Kf1 Nd6 25. Bc6 Nf5 26. Ke2 Nxe3
1/2-1/2

[Event "31st 4NCL Congress"]
[Site "Harrogate, North Yorkshire ENG"]
[Date "2024.01.21"]
[Round "4.16"]
[White "Jackson, Malcolm"]
[Black "Baxter, Martin"]
[Result "1/2-1/2"]
[WhiteElo "1474"]
[BlackElo "1660"]
[PlyCount "48"]
[EventDate "2024.01.19"]

1. e4 e5 2. Nf3 Nc6 3. Bb5 f5 4. d3 Bc5 5. O-O d6 6. Re1 Nf6 7. d4 exd4 8.
exf5+ Kf8 9. Bxc6 bxc6 10. Nxd4 Bxd4 11. Qxd4 Bxf5 12. Bg5 Bxc2 13. Qc4 Bxb1
14. Raxb1 c5 15. Re6 h6 16. Bxf6 gxf6 17. Rbe1 Rh7 18. Qh4 Qd7 19. Qxf6+ Qf7
20. Qh4 Kg8 21. Re7 Qg6 22. Qc4+ Kh8 23. R7e6 Qf7 24. Qc3+ Kg8 1/2-1/2

[Event "31st 4NCL Congress"]
[Site "Harrogate, North Yorkshire ENG"]
[Date "2024.01.21"]
[Round "4.17"]
[White "Maheshwari, Shlok"]
[Black "Smith, Jacob"]
[Result "1/2-1/2"]
[WhiteElo "1293"]
[BlackElo "1645"]
[PlyCount "41"]
[EventDate "2024.01.19"]

1. e4 d5 2. exd5 Nf6 3. Nf3 Nxd5 4. Bc4 Be6 5. Ng5 Qd6 6. Qf3 c6 7. O-O h6 8.
Nxe6 Qxe6 9. Nc3 Qf6 10. Bxd5 cxd5 11. Qxd5 Nc6 12. Re1 e6 13. d3 Be7 14. Qb5
O-O 15. Qxb7 Nd4 16. Ne4 Qh4 17. Rd1 Nxc2 18. Rb1 Rab8 19. Qc7 Rfc8 20. Qd7 Rd8
21. Qc7 1/2-1/2

[Event "31st 4NCL Congress"]
[Site "Harrogate, North Yorkshire ENG"]
[Date "2024.01.21"]
[Round "4.18"]
[White "Egan, William J"]
[Black "Craig, Ian"]
[Result "1-0"]
[WhiteElo "1635"]
[BlackElo "1424"]
[PlyCount "39"]
[EventDate "2024.01.19"]

1. d4 Nf6 2. Bf4 e6 3. e3 d5 4. Bd3 Bd6 5. Bg3 Bxg3 6. hxg3 b6 7. c3 Bb7 8. Nf3
Ne4 9. Nbd2 Nd7 10. Qe2 a6 11. c4 g6 12. Rc1 Nxd2 13. Qxd2 dxc4 14. Bxc4 Bxf3
15. gxf3 b5 16. Bb3 Nb8 17. Qc3 Kd7 18. d5 Ra7 19. dxe6+ Ke7 20. Qc5+ 1-0

[Event "31st 4NCL Congress"]
[Site "Harrogate, North Yorkshire ENG"]
[Date "2024.01.21"]
[Round "4.19"]
[White "Buckell, David J"]
[Black "Dee, Neil"]
[Result "1/2-1/2"]
[WhiteElo "1634"]
[BlackElo "1500"]
[PlyCount "50"]
[EventDate "2024.01.19"]

1. c4 e6 2. g3 d5 3. Bg2 d4 4. Nf3 Nc6 5. d3 e5 6. O-O Be7 7. b4 f6 8. b5 Nb8
9. Nbd2 Nh6 10. a4 O-O 11. Nb3 Nf7 12. a5 c6 13. Bd2 Bd7 14. bxc6 Bxc6 15. Qc2
Na6 16. Rfb1 Rb8 17. e3 dxe3 18. Bxe3 Nb4 19. Qe2 Qxd3 20. Qxd3 Nxd3 21. Bxa7
Rbc8 22. a6 bxa6 23. Rxa6 Bxf3 24. Bxf3 Rxc4 25. Bd5 Rc3 1/2-1/2

[Event "31st 4NCL Congress"]
[Site "Harrogate, North Yorkshire ENG"]
[Date "2024.01.21"]
[Round "4.20"]
[White "Edgar, Barry"]
[Black "Mackenzie, Nathaniel"]
[Result "1/2-1/2"]
[WhiteElo "1605"]
[BlackElo "1290"]
[PlyCount "58"]
[EventDate "2024.01.19"]

1. d4 c5 2. d5 g6 3. Nc3 Bg7 4. e4 d6 5. Bd2 e5 6. Nf3 Bg4 7. Be2 Nf6 8. O-O
Bxf3 9. Bxf3 Qb6 10. Qc1 h5 11. h4 Ng4 12. Nd1 Bh6 13. Bxh6 Nxh6 14. Ne3 Qd8
15. g3 Nd7 16. c4 Nf6 17. Qc2 Qd7 18. Kg2 Nhg4 19. Qd3 Nxe3+ 20. Qxe3 Ng4 21.
Qg5 Qe7 22. Qxe7+ Kxe7 23. Bxg4 hxg4 24. f3 f5 25. fxg4 fxg4 26. Rf2 Raf8 27.
Raf1 Rxf2+ 28. Rxf2 g5 29. hxg5 Rf8 1/2-1/2

[Event "31st 4NCL Congress"]
[Site "Harrogate, North Yorkshire ENG"]
[Date "2024.01.21"]
[Round "4.22"]
[White "Carey, Con"]
[Black "Pringle, Andrew"]
[Result "1-0"]
[WhiteElo "1490"]
[BlackElo "1387"]
[PlyCount "57"]
[EventDate "2024.01.19"]

1. d4 d5 2. Bf4 Nf6 3. e3 c5 4. c3 Nc6 5. Nd2 Bf5 6. f3 e6 7. g4 Bg6 8. Bb5 Bd6
9. Ne2 h6 10. Qa4 Qd7 11. Bxc6 bxc6 12. Bxd6 Qxd6 13. Qa3 Nd7 14. Nb3 O-O 15.
Nxc5 Nb6 16. b3 e5 17. Qb2 Rab8 18. Qd2 Rfe8 19. O-O Qf6 20. Ng3 Qg5 21. Qf2
exd4 22. exd4 Re3 23. h4 Qf4 24. Ne2 Rxe2 25. Qxe2 Qg3+ 26. Qg2 Qxh4 27. Rae1
Kf8 28. Qh2 Qg5 29. Qxb8+ 1-0

[Event "31st 4NCL Congress"]
[Site "Harrogate, North Yorkshire ENG"]
[Date "2024.01.21"]
[Round "4.23"]
[White "Coleman, Patrick N"]
[Black "Fisher, Neal"]
[Result "0-1"]
[WhiteElo "1459"]
[BlackElo "1697"]
[PlyCount "112"]
[EventDate "2024.01.19"]

1. d4 d5 2. c4 Nf6 3. Nc3 e6 4. cxd5 exd5 5. Nf3 c6 6. g3 h6 7. Bg2 Bf5 8. Bf4
Nbd7 9. O-O Be7 10. Be5 O-O 11. Bxf6 Bxf6 12. e3 Re8 13. Re1 Nb6 14. b3 Qd7 15.
Ne2 Be4 16. Nf4 Qe7 17. Nh5 Nd7 18. Bh3 Nf8 19. Nxf6+ Qxf6 20. Ne5 Ng6 21. Nxg6
fxg6 22. Bg2 Rf8 23. f4 Rae8 24. Bxe4 Rxe4 25. Rc1 Rfe8 26. Qd2 Qe6 27. Qf2
Rxe3 28. Rxe3 Qxe3 29. Rc2 Re4 30. Rd2 Kf7 31. Qxe3 Rxe3 32. Kf2 Re4 33. Kf3
Ke6 34. h4 Kd6 35. b4 b6 36. g4 c5 37. dxc5+ bxc5 38. bxc5+ Kxc5 39. Rb2 Re7
40. a3 d4 41. Rc2+ Kd5 42. Rb2 d3 43. Rb8 Kd4 44. Rd8+ Kc3 45. Rc8+ Kd2 46. Rd8
Re3+ 47. Kf2 Re2+ 48. Kf1 Re4 49. Kg2 Ke2 50. Rb8 d2 51. Rb2 Ke1 52. Rb1+ d1=Q
53. Rxd1+ Kxd1 54. Kf3 Ra4 55. f5 gxf5 56. gxf5 Rxh4 0-1

[Event "31st 4NCL Congress"]
[Site "Harrogate, North Yorkshire ENG"]
[Date "2024.01.21"]
[Round "4.24"]
[White "Johnson, Stanley"]
[Black "Matthews, Graham W"]
[Result "1/2-1/2"]
[WhiteElo "1408"]
[BlackElo "1648"]
[PlyCount "66"]
[EventDate "2024.01.19"]

1. d4 f5 2. c4 Nf6 3. Nc3 e6 4. e3 b6 5. Be2 Bb7 6. Nf3 Be7 7. b3 O-O 8. O-O
Na6 9. a3 c5 10. Nb5 Nc7 11. a4 a6 12. Nc3 a5 13. Bb2 Qe8 14. Nb5 Nxb5 15. axb5
d6 16. dxc5 dxc5 17. Qc2 Rd8 18. Rfd1 Be4 19. Qc3 Qg6 20. Qe5 Ne8 21. Rxd8 Bxd8
22. Rd1 Bc7 23. Qc3 Rf7 24. g3 f4 25. Ne5 fxg3 26. fxg3 Bxe5 27. Qxe5 Qf6 28.
Qxf6 Nxf6 29. Rd6 Nd7 30. Rxe6 Bc2 31. Re8+ Rf8 32. Re7 Rf7 33. Re8+ Rf8
1/2-1/2

[Event "31st 4NCL Congress"]
[Site "Harrogate, North Yorkshire, ENG"]
[Date "2024.01.21"]
[Round "4.25"]
[White "Wright, George A"]
[Black "Merry, John D"]
[Result "1-0"]
[WhiteElo "1405"]
[BlackElo "1583"]
[PlyCount "85"]
[EventDate "2024.01.19"]

1. b3 e5 2. Bb2 d6 3. e4 Nf6 4. d3 Be7 5. Nf3 O-O 6. Be2 Nc6 7. c4 a6 8. a4 Nb4
9. O-O c5 10. Nc3 Bd7 11. Rc1 b5 12. Nd5 Nfxd5 13. cxd5 Qb6 14. Ne1 bxa4 15.
bxa4 a5 16. Kh1 Rfb8 17. Bg4 Bxg4 18. Qxg4 Na2 19. Ba1 Nxc1 20. f4 Bf6 21. Rf3
Nb3 22. Bc3 Nd4 23. Rg3 Kh8 24. h4 Qb3 25. Bxd4 cxd4 26. Nf3 Qd1+ 27. Kh2 Rg8
28. fxe5 dxe5 29. Ng5 Bxg5 30. Qxd1 Bf4 31. Qg4 Bxg3+ 32. Qxg3 f6 33. h5 g6 34.
h6 g5 35. Qg4 Rg6 36. Kg3 Rxh6 37. Qd7 Rg6 38. Qe7 h5 39. d6 Rg7 40. Qxf6 Kg8
41. Qxe5 Rd8 42. Qe6+ Kf8 43. Qf6+ 1-0

[Event "31st 4NCL Congress"]
[Site "Harrogate, North Yorkshire, ENG"]
[Date "2024.01.21"]
[Round "4.26"]
[White "Scorer, David M"]
[Black "Dearden, Phil"]
[Result "1-0"]
[WhiteElo "1431"]
[BlackElo "1562"]
[PlyCount "63"]
[EventDate "2024.01.19"]

1. Nf3 Nf6 2. d4 g6 3. c4 Bg7 4. Nc3 O-O 5. e4 d6 6. Be2 e5 7. dxe5 dxe5 8. O-O
Qxd1 9. Rxd1 Nc6 10. Be3 Nd7 11. Nd5 f5 12. Nxc7 Rb8 13. Ne6 Rf7 14. Nxg7 Rxg7
15. Ng5 Nf6 16. f3 f4 17. Bc5 h6 18. Nh3 Bxh3 19. gxh3 g5 20. Rd6 Rg6 21. Rad1
h5 22. b4 a6 23. b5 Nd4 24. Bxd4 exd4 25. R1xd4 Kg7 26. e5 Nh7 27. Rd7+ Kh6 28.
Bd3 g4 29. Bxg6 Kxg6 30. hxg4 hxg4 31. fxg4 axb5 32. h4 1-0

[Event "31st 4NCL Congress"]
[Site "Harrogate, North Yorkshire, ENG"]
[Date "2024.01.21"]
[Round "4.27"]
[White "Berry, Mike"]
[Black "Merrifield, Peter"]
[Result "1-0"]
[WhiteElo "1545"]
[BlackElo "1121"]
[PlyCount "71"]
[EventDate "2024.01.19"]

1. c4 e5 2. Nc3 Nf6 3. Nf3 Nc6 4. e3 Be7 5. d4 d6 6. d5 Nb8 7. Be2 O-O 8. O-O
c6 9. Qc2 cxd5 10. Nxd5 Nxd5 11. cxd5 Nd7 12. Bd3 Nf6 13. Ng5 g6 14. e4 Bd7 15.
f4 Rc8 16. Qd2 Qb6+ 17. Kh1 Bg4 18. Be2 Bxe2 19. Qxe2 Rc7 20. f5 Bd8 21. fxg6
fxg6 22. Ne6 Rd7 23. Nxd8 Rdxd8 24. Bg5 Kg7 25. Bxf6+ Rxf6 26. Rxf6 Kxf6 27.
Rc1 h5 28. Qc2 Rd7 29. h3 g5 30. b3 h4 31. Qe2 Kg6 32. Qf3 Kh6 33. Qf8+ Kh7 34.
Rf1 Kg6 35. Qg8+ Kh6 36. Rf7 1-0

[Event "31st 4NCL Congress"]
[Site "Harrogate, North Yorkshire, ENG"]
[Date "2024.01.21"]
[Round "4.28"]
[White "Robinson, Steve"]
[Black "Butterworth, Brian"]
[Result "1-0"]
[WhiteElo "1394"]
[BlackElo "1543"]
[PlyCount "65"]
[EventDate "2024.01.19"]

1. Nc3 e6 2. e4 b6 3. d4 Bb7 4. Bd3 Bb4 5. Nf3 Bxc3+ 6. bxc3 Nf6 7. Qe2 d5 8.
e5 Ne4 9. Bb2 h6 10. h4 Qe7 11. Nd2 Nxd2 12. Qxd2 Nd7 13. a4 Qd8 14. f4 Qc8 15.
Qf2 Ba6 16. Qg3 Kf8 17. f5 Bxd3 18. Qxd3 Qe8 19. g4 exf5 20. gxf5 Nf6 21. Ba3+
Kg8 22. Qg3 Ne4 23. Qg2 Qc6 24. Bb2 h5 25. Rg1 Rh7 26. Ra3 Qh6 27. c4 Qf4 28.
cxd5 Qxh4+ 29. Kd1 Qg4+ 30. Qxg4 hxg4 31. Re3 Nf2+ 32. Ke2 Rh2 33. Ke1 1-0

[Event "31st 4NCL Congress"]
[Site "Harrogate, North Yorkshire, ENG"]
[Date "2024.01.21"]
[Round "4.29"]
[White "Pitel, Dominik"]
[Black "Shortt, John"]
[Result "1-0"]
[WhiteElo "1518"]
[BlackElo "1398"]
[PlyCount "21"]
[EventDate "2024.01.19"]

1. d4 g6 2. e4 Bg7 3. Nf3 d6 4. Bf4 Nf6 5. Nc3 O-O 6. Qd2 Nbd7 7. O-O-O c6 8.
e5 Ne8 9. Ng5 f6 10. Ne6 Qb6 11. Na4 1-0

[Event "31st 4NCL Congress"]
[Site "Harrogate, North Yorkshire, ENG"]
[Date "2024.01.21"]
[Round "4.30"]
[White "Tunnacliffe, Alan"]
[Black "Saxena, Samidh"]
[Result "1-0"]
[WhiteElo "1515"]
[BlackElo "1096"]
[PlyCount "61"]
[EventDate "2024.01.19"]

1. e4 e5 2. Nf3 Nc6 3. Bb5 a6 4. Bxc6 dxc6 5. O-O Bd6 6. d4 Bg4 7. dxe5 Bxf3 8.
Qxf3 Bxe5 9. Rd1 Qf6 10. c3 Qxf3 11. gxf3 Ne7 12. f4 Bd6 13. Be3 Ng6 14. e5 Be7
15. Nd2 O-O 16. Nf3 Nh4 17. Nxh4 Bxh4 18. Rd7 Rac8 19. Rad1 Rfd8 20. Kg2 Rxd7
21. Rxd7 Kf8 22. Kf3 Ke8 23. e6 Be7 24. f5 fxe6 25. fxe6 b5 26. Bf4 g6 27. Bxc7
Bd8 28. Bd6 Bg5 29. Rf7 Bh6 30. Rxh7 Bf8 31. Rh8 1-0

[Event "31st 4NCL Congress"]
[Site "Harrogate, North Yorkshire, ENG"]
[Date "2024.01.21"]
[Round "4.31"]
[White "Jones, Mark"]
[Black "Tate, John"]
[Result "0-1"]
[WhiteElo "1381"]
[BlackElo "1506"]
[PlyCount "110"]
[EventDate "2024.01.19"]

1. d4 Nf6 2. Nf3 e6 3. e3 d5 4. b3 Bd7 5. Bb2 c5 6. Be2 cxd4 7. exd4 Nc6 8. a3
Bd6 9. Ne5 Bc7 10. Nd2 Nxe5 11. dxe5 Ng8 12. Nf3 Ne7 13. O-O O-O 14. Bd3 Ng6
15. Qd2 Qe8 16. Rfe1 Bb5 17. Nd4 Bxd3 18. Qxd3 Bxe5 19. Rxe5 Nxe5 20. Qg3 f6
21. Re1 Qg6 22. Qxg6 Nxg6 23. Rxe6 Rfe8 24. Rxe8+ Rxe8 25. g3 a6 26. a4 Kf7 27.
Kg2 Ne5 28. f4 Nc6 29. Kf2 Nxd4 30. Bxd4 Ke6 31. g4 Kd7 32. Kg3 Rg8 33. h4 h6
34. f5 Ke7 35. Kf4 g5+ 36. fxg6 Rxg6 37. h5 Rg8 38. Kf5 Rg5+ 39. Kf4 Ke6 40.
Be3 f5 41. Kg3 Rxg4+ 42. Kh3 Rg5 43. Kh4 Rg4+ 44. Kh3 Rg8 45. c3 Rf8 46. Bf4
Rd8 47. Kh4 d4 48. c4 d3 49. Bxh6 d2 50. Bxd2 Rxd2 51. Kg5 Rg2+ 52. Kf4 Rg4+
53. Kf3 Rh4 54. c5 Rxh5 55. c6 bxc6 0-1

[Event "31st 4NCL Congress"]
[Site "Harrogate, North Yorkshire, ENG"]
[Date "2024.01.21"]
[Round "4.32"]
[White "Collins, Steve"]
[Black "Sayer, Ray M"]
[Result "1/2-1/2"]
[WhiteElo "1369"]
[BlackElo "1686"]
[PlyCount "36"]
[EventDate "2024.01.19"]

1. d4 Nf6 2. Bg5 d5 3. Bxf6 exf6 4. e3 c6 5. Bd3 f5 6. Nd2 g6 7. Ngf3 Qb6 8.
Rb1 Qc7 9. O-O Be7 10. c4 dxc4 11. Bxc4 Be6 12. Rc1 Nd7 13. Bxe6 fxe6 14. Nc4
O-O 15. Qb3 Kf7 16. Rfd1 Kg7 17. Nce5 Nxe5 18. Nxe5 Kf6 1/2-1/2

[Event "31st 4NCL Congress"]
[Site "Harrogate, North Yorkshire, ENG"]
[Date "2024.01.21"]
[Round "4.33"]
[White "Morgan, Peter"]
[Black "Gibson, Stephen"]
[Result "0-1"]
[WhiteElo "1398"]
[BlackElo "1532"]
[PlyCount "84"]
[EventDate "2024.01.19"]

1. d4 b5 2. Nf3 e6 3. e3 a6 4. Bd3 Bb7 5. O-O c5 6. c3 Nf6 7. Nbd2 cxd4 8. cxd4
d6 9. b4 Nbd7 10. Bb2 Be7 11. Rc1 O-O 12. a3 Nb6 13. e4 Qd7 14. Qe2 Na4 15. Ba1
Rac8 16. e5 Nd5 17. Ne4 Nf4 18. Qd2 Nxd3 19. Qxd3 Bxe4 20. Qxe4 d5 21. Qe3 h6
22. Nd2 Nb6 23. f4 Rc7 24. Rc3 Rfc8 25. Rxc7 Rxc7 26. Nb3 Nc4 27. Qd3 Qc8 28.
Nc5 Rc6 29. Bc3 Nxa3 30. Bd2 Nc4 31. Bc1 Qc7 32. g4 a5 33. f5 axb4 34. f6 Bxc5
35. fxg7 Bxd4+ 36. Qxd4 Qb6 37. Qxb6 Rxb6 38. Bxh6 Nxe5 39. Rf4 Nc4 40. Rf3 e5
41. Rh3 b3 42. Bc1 b2 0-1

[Event "31st 4NCL Congress"]
[Site "Harrogate, North Yorkshire, ENG"]
[Date "2024.01.21"]
[Round "4.34"]
[White "Simmons, Michael W"]
[Black "Hutchinson, Stephen A"]
[Result "1-0"]
[WhiteElo "1167"]
[BlackElo "1151"]
[PlyCount "76"]
[EventDate "2024.01.19"]

1. d4 d5 2. c4 dxc4 3. e3 Be6 4. Nf3 Nf6 5. Nbd2 b5 6. b3 Nbd7 7. bxc4 bxc4 8.
Bxc4 Nb6 9. Bxe6 fxe6 10. O-O g6 11. Ba3 Bg7 12. Qb3 Qd7 13. Rac1 Bh6 14. Ne5
Qd5 15. Nxg6 Rg8 16. Nxe7 Qxb3 17. Nxb3 Rh8 18. Rxc7 Nbd5 19. Rc6 Kf7 20. Bd6
Nxe7 21. Bxe7 Kxe7 22. Nc5 Kf7 23. Nxe6 Rhe8 24. Nc7 Nd5 25. Nxe8 Rxe8 26. Rd6
Nc3 27. Re1 Ra8 28. Rd7+ Kf6 29. g3 Nxa2 30. Ra1 Nc3 31. Ra6+ Kg5 32. Rxh7 Kf5
33. Rf7+ Ke4 34. Kg2 Rb8 35. Ra3 Ne2 36. f3+ Kd5 37. Rd7+ Kc4 38. Rdxa7 Rb1 1-0

[Event "31st 4NCL Congress"]
[Site "Harrogate, North Yorkshire ENG"]
[Date "2024.01.21"]
[Round "5.2"]
[White "Boustred, Noel J"]
[Black "Sloan, Cecil"]
[Result "0-1"]
[WhiteElo "1675"]
[BlackElo "1612"]
[PlyCount "22"]
[EventDate "2024.01.19"]

1. e3 d5 2. d4 e6 3. c4 Nf6 4. f4 Be7 5. Bd3 O-O 6. Qf3 c5 7. Ne2 Nc6 8. cxd5
exd5 9. O-O cxd4 10. exd4 Bg4 11. Qg3 Bxe2 0-1

[Event "31st 4NCL Congress"]
[Site "Harrogate, North Yorkshire ENG"]
[Date "2024.01.21"]
[Round "5.3"]
[White "Maher, Mike P"]
[Black "Pointon, Mike"]
[Result "1/2-1/2"]
[WhiteElo "1606"]
[BlackElo "1668"]
[PlyCount "42"]
[EventDate "2024.01.19"]

1. d4 Nf6 2. c4 c5 3. d5 b5 4. cxb5 a6 5. e3 axb5 6. Bxb5 Qa5+ 7. Nc3 g6 8. a4
Bg7 9. Ra3 O-O 10. Nge2 d6 11. O-O Na6 12. e4 Nb4 13. h4 Rd8 14. Ng3 Bd7 15. h5
Bxb5 16. axb5 Qb6 17. e5 dxe5 18. Rxa8 Rxa8 19. hxg6 hxg6 20. Nge4 Nxe4 21.
Nxe4 Qxb5 1/2-1/2

[Event "31st 4NCL Congress"]
[Site "Harrogate, North Yorkshire ENG"]
[Date "2024.01.21"]
[Round "5.4"]
[White "Wainwright, Charlie"]
[Black "Weller, Colin"]
[Result "1-0"]
[WhiteElo "1667"]
[BlackElo "1599"]
[PlyCount "89"]
[EventDate "2024.01.19"]

1. d4 d6 2. c4 Nd7 3. Nc3 e5 4. d5 Ngf6 5. e4 Be7 6. Bd3 Nc5 7. b4 Nxd3+ 8.
Qxd3 Nd7 9. Nge2 b6 10. Be3 a5 11. bxa5 Rxa5 12. O-O Nc5 13. Bxc5 dxc5 14. f4
Bd6 15. Qg3 Qf6 16. Nb5 exf4 17. Nxd6+ cxd6 18. Qxf4 Qxf4 19. Nxf4 b5 20. Rfc1
bxc4 21. Rxc4 Ba6 22. Rc3 O-O 23. a3 Re8 24. Re1 Ra4 25. Rce3 g6 26. g3 Re5 27.
Kf2 g5 28. Nh5 f5 29. Kg2 fxe4 30. Rxe4 Raxe4 31. Rxe4 Rxe4 32. Nf6+ Kf7 33.
Nxe4 Ke7 34. Nxg5 h6 35. Ne4 Bb7 36. Nc3 Kf6 37. Kf3 Ke5 38. Ke3 h5 39. a4 Bc8
40. a5 Bb7 41. h3 Bc8 42. Na4 Ba6 43. Nb6 Kf5 44. Na8 c4 45. Nc7 1-0

[Event "31st 4NCL Congress"]
[Site "Harrogate, North Yorkshire ENG"]
[Date "2024.01.21"]
[Round "5.5"]
[White "Zigmond, Andrew"]
[Black "Hambly, Neil"]
[Result "0-1"]
[WhiteElo "1661"]
[BlackElo "1585"]
[PlyCount "60"]
[EventDate "2024.01.19"]

1. e4 b6 2. d4 e6 3. f3 Bb7 4. Nc3 Bb4 5. Bd2 Bxc3 6. Bxc3 Nf6 7. Bd3 d5 8. e5
Nfd7 9. f4 h5 10. Nf3 c5 11. Qd2 Ba6 12. Bxa6 Nxa6 13. O-O-O Qc7 14. h3 O-O-O
15. Qe2 c4 16. Ng5 Rdf8 17. g4 g6 18. gxh5 gxh5 19. f5 Qc6 20. Rdf1 exf5 21.
Rxf5 f6 22. exf6 Rxf6 23. Rhf1 Rxf5 24. Rxf5 Qg6 25. Rxd5 Re8 26. Qxc4+ Nc7 27.
Bb4 Kd8 28. Nf7+ Qxf7 29. Rxd7+ Qxd7 30. Qd3 Qb5 0-1